| 000 | 01407nam0a2200277 i 4500 | ||
|---|---|---|---|
| 001 | RU\NLR\bibl\840895 | ||
| 005 | 20240725210248.0 | ||
| 035 | _a(NLR Aleph) 000829719 | ||
| 090 |
_a1353050 _c1353050 |
||
| 100 | _a20050915d2005 |||y0rusy50 ca | ||
| 101 | 0 | _arus | |
| 102 | _aRU | ||
| 105 | _aa dm ||||| | ||
| 200 | 1 |
_aО влиянии пробукола на противоопухолевую эффективность цитостатических средств при гепатопатии _e(эксперимент. исслед.) _eавтореф. дис. на соиск. учен. степ. к.м.н. _eспец. 14.00.25 _eспец. 14.00.14 _fКинзирская Юлия Александровна _g[МАА им. И.М. Сеченова и РОНЦ им. Н.Н. Блохина РАМН] |
|
| 210 |
_aМосква _d2005 |
||
| 215 |
_a24 с. _cил. _d21 |
||
| 320 | _aБиблиогр.: с. 23-24 (4 назв.) | ||
| 686 |
_a14.00.25 _2oksvnk |
||
| 686 |
_a14.00.14 _2oksvnk |
||
| 700 | 1 |
_aКинзирская _bЮ. А. _gЮлия Александровна _4070 |
|
| 801 | 0 |
_aRU _bNLR _c20050915 _grcr |
|
| 801 | 1 |
_aRU _bNLR _c20050915 |
|
| 942 | _cBOOK | ||
| 981 | 1 | 0 |
_a(10) Авторефераты _b(10) 14.00.00 Медицинские науки _b14.01.00 Клиническая медицина _b14.01.12 Онкология |